Ética para ingenieros
Saved in:
| Main Authors: | , , |
|---|---|
| Format: | Bog |
| Sprog: | spansk |
| Udgivet: |
Bilbao
Desclée
2006
Bilbao Universidad Jesuitas Unijes 2006 |
| Udgivelse: | 2a. ed |
| Serier: | Ética de las Profesiones
|
| Fag: | |
| Tags: |
Tilføj Tag
Ingen Tags, Vær først til at tagge denne postø!
|
MARC
| LEADER | 00000cam a2200000 a 4500 | ||
|---|---|---|---|
| 001 | UCE3521 | ||
| 003 | CL-VaPUC | ||
| 008 | 140905e20060000sp |||||||||||||||||spa|d | ||
| 020 | |a 9788433020741 | ||
| 082 | 0 | 4 | |a 174.962 |b BIL |2 21 |
| 100 | 0 | |a Bilbao, Galo |e author |9 576019 | |
| 700 | 0 | |a Fuertes, Javier |e author |9 576020 | |
| 700 | |a Guibert, José María |e author |9 576021 | ||
| 245 | 1 | 0 | |a Ética para ingenieros |
| 250 | |a 2a. ed | ||
| 300 | |a 304 p | ||
| 942 | |c BK | ||
| 945 | |d 20140905 00:55:00 |a arojas | ||
| 260 | |a Bilbao |b Desclée |c 2006 | ||
| 260 | |a Bilbao |b Universidad Jesuitas Unijes |c 2006 | ||
| 650 | 0 | |a Etica profesional |9 255694 | |
| 650 | 0 | |a Ingenieros |9 361359 | |
| 583 | |a last modification |c 20140905 00:55:00 |k Rodrigo Vera | ||
| 490 | 0 | |a Ética de las Profesiones | |
| 999 | |c 356785 |d 356783 | ||
| 952 | |0 0 |1 0 |3 erb |4 0 |6 174_962000000000000_BIL_2006_2006 |7 0 |8 A |9 464469 |a BIBING |b BIBING |i 5112656 |o 174.962 BIL 2006 2006 |p 5112656 |r 2025-01-20 |w 2019-11-23 |y BK |z Catalogado en:20140905 |k EII | ||
| 952 | |0 0 |1 0 |3 erb |4 0 |6 174_962000000000000_BIL_2006_2006 |7 0 |8 A |9 464470 |a BIBING |b BIBING |i 5112664 |o 174.962 BIL 2006 2006 |p 5112664 |r 2025-01-20 |w 2019-11-23 |y BK |z Catalogado en:20140905 |k EII | ||
| 952 | |0 0 |1 0 |3 erb |4 0 |6 174_962000000000000_BIL_2006_2006 |7 0 |8 A |9 464471 |a BIBING |b BIBING |i 5112672 |l 1 |o 174.962 BIL 2006 2006 |p 5112672 |r 2025-01-20 |s 2024-04-24 |w 2019-11-23 |y BK |z Catalogado en:20140905 |k EII | ||
| 952 | |0 0 |1 0 |3 erb |4 0 |6 174_962000000000000_BIL_2006_2006 |7 0 |8 A |9 464472 |a BIBING |b BIBING |i 5112680 |o 174.962 BIL 2006 2006 |p 5112680 |r 2025-01-20 |w 2019-11-23 |y BK |z Catalogado en:20140905 |k EII | ||